|
|
|
|
| LEADER |
01168Cam#a22003135a#4500 |
| 001 |
026047 |
| 005 |
20160721161837.0 |
| 008 |
140409s2005||||ag bo ### s000|0#spa#d |
| 020 |
|
|
|a 9879871898
|
| 040 |
|
|
|a AR-BeUNQ
|b spa
|
| 044 |
|
|
|a ag
|
| 082 |
0 |
4 |
|a 918.211
|2 21
|
| 245 |
0 |
0 |
|a Guía :
|b Patrimonio cultural de Buenos Aires.
|c Dirección de Patrimonio e Instituto Histórico de la Ciudad de Buenos Aires.
|n 3,
|p Arqueología urbana
|
| 260 |
|
|
|a Buenos Aires :
|b DGPeIH,
|c 2003.
|
| 300 |
|
|
|a 118 p. :
|b fot. col. ;
|c 23 cm +
|e 1 mapa
|
| 504 |
|
|
|a Bibliografía: p. 115-116.
|
| 525 |
|
|
|a Incluye plano con referencias del patrimonio cultural de Buenos Aires.
|
| 650 |
|
7 |
|a Guía
|2 toit
|
| 650 |
|
7 |
|a Materiales de referencia
|2 spines
|
| 650 |
|
7 |
|a Turismo
|2 toit
|
| 650 |
|
7 |
|a Atracción turística
|2 toit
|
| 650 |
|
7 |
|a Patrimonio cultural
|2 spines
|
| 650 |
|
7 |
|a Edificios
|2 spines
|
| 650 |
|
7 |
|a Arqueología
|2 spines
|
| 650 |
|
7 |
|a Geografía urbana
|2 spines
|
| 710 |
1 |
|
|a Buenos Aires (ciudad).
|b Dirección General de Patrimonio e Instituto Histórico.
|
| 929 |
|
|
|a DONACION
|b Marcelo Cosnard
|d 0
|e 20100210
|f PAT0037175
|g 1723
|j 51167
|
| 942 |
|
|
|c LIB
|n 0
|
| 999 |
|
|
|c 23969
|d 99356
|